000 00693 a2200265 4500
260 _aBourg en Bresse
630 _a33 - Economie. Economie politique
037 _b1, Achat
650 _a3 - SCIENCES SOCIALES
100 _aAdeline, Michèle
700 _aDevillers, Michèle
260 _bFontainePicard
245 _aBTS assistant de direction et BTS assistant secrétaire trilingue : première année
300 _a248 p.
650 _aBrevet de technicien supérieur
260 _c1995
300 _b30 cm
100 _lFr
037 _aDE 8269
650 _aSecrétariat
650 _aAssistant de direction
020 _a2-87719-547-3
999 _c38641
_d38641